Statistics for Billboard Hot 100- Matchbox Twenty/Rob Thomas

Click here to take the quiz!

General Stats

  • This quiz has been taken 22 times
  • The average score is 8 of 18

Answer Stats

#Song% Correct
5Unwell
85%
1Bent
70%
1Smooth
70%
48Mad Season
55%
40She's So Mean
55%
11How Far We've Come
50%
5If You're Gone
50%
38Real World
50%
24Back 2 Good
45%
23Bright Lights
45%
23Her Diamonds
45%
6Lonely No More
45%
29Disease
30%
58Little Wonders
30%
48Ever The Same
20%
64Streetcorner Symphony
15%
95Mockingbird
10%
52This is How a Heart Breaks
10%

Score Distribution

Percentile by Number Answered

Percent of People with Each Score

Your Score History

You have not taken this quiz